|
|
|
|
| LEADER |
00735nam a22002171 4500 |
| 001 |
c000201077 |
| 003 |
CARM |
| 005 |
20021125001900.0 |
| 008 |
851113s1975 nyu 0 eng d |
| 019 |
1 |
|
|a 4118684
|5 LACONCORD2021
|
| 035 |
|
|
|a (OCoLC)2751423
|5 LACONCORD2021
|
| 110 |
2 |
0 |
|a Catalyst, inc.
|
| 245 |
1 |
0 |
|a Counseling.
|
| 260 |
|
|
|a N.Y. :
|b Catalyst,
|c 1975.
|
| 300 |
|
|
|a 48p.
|
| 440 |
|
0 |
|a Career opportunities series ;
|v C6
|
| 650 |
|
0 |
|a Counseling
|x Vocational guidance.
|
| 852 |
8 |
|
|b CARM
|h A2:AM02A0
|i B06316
|p 0288716
|f BK
|
| 082 |
0 |
4 |
|a 371.4023
|
| 999 |
f |
f |
|i be42783d-b556-5a38-8b5a-9daae737de57
|s c84f87a7-6f46-5b58-b1b9-6f035b826813
|
| 952 |
f |
f |
|p Can circulate
|a CAVAL
|b CAVAL
|c CAVAL
|d CARM 1 Store
|e B06316
|f A2:AM02A0
|h Other scheme
|i book
|m 0288716
|